000 00381nam a2200145Ia 4500
008 231129s2002||||xx |||||||||||||| ||spa||
020 _a84-481-3268-8
040 _bspa
082 _aR 005.12 P882j
100 _aPowell Thomas
245 0 _aJavaScript : Manual de referencia
260 _c2002
264 _aMcGraw-Hill
942 _2ddc
_cBKS
999 _c16085
_d16085